Pixar Movies by Main Character - Statistics

General Stats
  • This quiz has been taken 43 times
  • The average score is 20 of 25
Answer Stats
Hint Answer % Correct
Lightning McQueen Cars
97%
Mr. Incredible The Incredibles
97%
Woody Toy Story
97%
Sulley Monsters Inc
95%
WALL-E WALL-E
95%
Remy Ratatouille
90%
Dory Finding Dory
87%
Marlin Finding Nemo
87%
Joy Inside Out
87%
Jessie Toy Story 2
87%
Forky Toy Story 4
87%
Miguel Coco
85%
Luca Luca
85%
Mike Wazowski Monsters University
85%
Carl Fredricksen Up
85%
Mater Cars 2
82%
Buzz Lightyear (Human version) Lightyear
82%
Lotso Toy Story 3
82%
Merida Brave
69%
Mei Lee Turning Red
64%
Flik A Bug's Life
56%
Ember Lumen Elemental
56%
Cruz Ramirez Cars 3
54%
Joe Gardner Soul
44%
Ian Lightfoot Onward
41%
No matching quizzes found
Score Distribution
Percent of People with Each Score
Percentile by Number Answered
Your Score History
You have not taken this quiz